Sidney and the seven seas / (Record no. 617)

MARC details
000 -LEADER
fixed length control field 01022nam a22002537a 4500
005 - DATE AND TIME OF LATEST TRANSACTION
control field 20230627093328.0
020 ## - INTERNATIONAL STANDARD BOOK NUMBER
International Standard Book Number 9780755408085
040 ## - CATALOGING SOURCE
Original cataloging agency FISKH
Language of cataloging eng
Transcribing agency FISKH
Modifying agency FISKH
082 ## - DEWEY DECIMAL CLASSIFICATION NUMBER
Edition number 23
Classification number 823.01089282
100 ## - MAIN ENTRY--PERSONAL NAME
Personal name Patterson, Ellie.
245 ## - TITLE STATEMENT
Title Sidney and the seven seas /
Statement of responsibility, etc. Ellie Patterson.
260 ## - PUBLICATION, DISTRIBUTION, ETC.
Place of publication, distribution, etc. China :
Name of publisher, distributor, etc. North Parade ;
Date of publication, distribution, etc. 2010.
300 ## - PHYSICAL DESCRIPTION
Extent 30 unnumbered pages;
Other physical details Color illustrations;
Dimensions 26 cm.
505 ## - FORMATTED CONTENTS NOTE
Formatted contents note F <br/>
520 ## - SUMMARY, ETC.
Summary, etc. Sidney the Whale swims the Seven Seas as lonely as can be - until he meets a cheeky chimp in Africa and takes him along for the ride! From Australia to Panama, turn the special half-pages to reveal Sidney making many new friends on his exciting ocean adventure!
521 ## - TARGET AUDIENCE NOTE
Target audience note 350 <br/>
Source Lexile estimate <br/>
521 ## - TARGET AUDIENCE NOTE
Target audience note F <br/>
Source Raz-Plus <br/>
650 ## - SUBJECT ADDED ENTRY--TOPICAL TERM
Topical term or geographic name entry element Short stories, English
Chronological subdivision 21st century.
650 ## - SUBJECT ADDED ENTRY--TOPICAL TERM
Topical term or geographic name entry element Short stories, English
Chronological subdivision 21st century.
700 ## - ADDED ENTRY--PERSONAL NAME
Personal name Jones, Anna,
Relator term illustrator.
942 ## - ADDED ENTRY ELEMENTS (KOHA)
Source of classification or shelving scheme Dewey Decimal Classification
Koha item type Books
Suppress in OPAC No
999 ## -
-- 617
-- 617
Holdings
Withdrawn status Lost status Source of classification or shelving scheme Damaged status Not for loan Collection Home library Current library Shelving location Date acquired Total Checkouts Full call number Barcode Date last seen Date last checked out Price effective from Koha item type
    Dewey Decimal Classification     Juvenile Fiction Footprints International School Library Network Toul Kork Campus Footprints International School Library Network Toul Kork Campus TK Primary Library Room(4th Floor), Bookcase 7, Shelves 57-60, Dark Green Books 06/27/2023 3 PAT Fic PZ7.P27 FISBK06386 10/09/2025 08/14/2025 06/27/2023 Books